| 000 | 01230nam a2200361 a 4500 | ||
|---|---|---|---|
| 001 | vtls001938281 | ||
| 003 | NLI | ||
| 005 | 20210630051319.0 | ||
| 008 | 170309s2010 gw da e 001 0 eng d | ||
| 020 |
_a9783598251801 _c€ 69.95 |
||
| 039 | 9 |
_a201705081207 _bkrishanuc _c201703091339 _dprasenjits _y201703091336 _zprasenjits |
|
| 040 |
_aNLI _beng |
||
| 041 | 0 | _aeng | |
| 044 | _agw | ||
| 082 | 0 | 4 |
_a025.0427 _223 |
| 100 | 1 |
_aWeller, Katrin _91159240 |
|
| 245 | 1 | 0 |
_aKnowledge representation in the social semantic web/ _cKatrin Weller |
| 260 |
_aBerlin : _bDe Gruyter Saur, _cc2010 |
||
| 300 |
_avii, 442 p. : _bill. ; _c24 cm. |
||
| 440 | 0 |
_aKnowledge & information _91296672 |
|
| 504 | _aIncludes bibliographical references and index | ||
| 650 | 0 | _aSemantic web | |
| 650 | 0 |
_aKnowledge representation (Information theory) _9676056 |
|
| 887 | _aprasenjit krishanu | ||
| 901 |
_a574757 : _b23.09.2016 |
||
| 902 | _aE 025.0427 W 458 | ||
| 904 | _aprasenjit | ||
| 905 | _akrishanu | ||
| 949 |
_AVIRTUAITEM _D10000 _X100 _6PUR000574757ENG |
||
| 942 |
_2ddc _cBKS |
||
| 999 |
_aVIRTUA _c1362995 _d1362995 |
||
| 999 | _aVTLSSORT0080*0200*0400*0410*0440*0820*1000*2450*2600*3000*4400*5040*6500*6501*8520*9010*9020*9040*9050*9992 | ||